| 000 | 00451nam a2200169Ia 4500 | ||
|---|---|---|---|
| 008 | 230718s9999 xx 000 0 und d | ||
| 020 | _a9788179926901 | ||
| 041 | _aeng | ||
| 082 |
_a248.4 _bWAL |
||
| 100 |
_aWalsch N.D. _9114276 |
||
| 245 | _aJoy Of Relationships | ||
| 260 |
_c2012 _bJaico Publishing House |
||
| 300 | _a90 | ||
| 365 |
_cRs. _b150.00 |
||
| 700 |
_aWalsch N.D. _9114276 |
||
| 906 |
_dO:0307815-Oct-2012B:147924-Sep-2012 _cGENRL _b33 |
||
| 999 |
_c331469 _d331469 |
||